000 00685cam a2200241 a 4500
001 000007904
005 20240306164224.0
008 890505s1987 sp 000 f spa c
020 _a8432205761
040 _aDO-SdBNP
_cICU
_dICU
_dDLC
_dBNPHU
082 _aPe863.44
_bV297ha
100 1 _aVargas Llosa, Mario,
_d1936-
_912567
245 1 3 _aEl hablador /
_cMario Vargas Llosa.
260 _aBarcelona :
_bSeix Barral,
_c1987.
300 _a237 p. ;
_c21 cm.
490 1 _aBiblioteca breve
650 4 _aNovela peruana
_912569
650 4 _aLiteratura peruana
_93140
830 0 _aBiblioteca breve
_913442
910 _aCatalogación por copia / LC
910 _aWM
049 _aBNGR
999 _c7682
_d7682